000 01179njm a22002657a 4500
005 20100906124334.0
007 sd ammalaaahaa
008 100906t xxu||||| |||| 00| 0 hin d
028 _a N. 53336
_bHis Master's Voice
035 _aGR-706
040 _aSED/VEN
100 _aMohd. Rafi
_91184
245 _aChaudhvin Ka Chand :
_bhindustani /
_cby Mohd. Rafi ; music by Ravi ; lyric by Shakeel Badayuni
_h[sound recording] :
246 _aचौदहवीं का चाँद (मोहद. रफ़ी )
260 _aDum Dum, India
_bHis Master's Voice
300 _a1 sound disc [Gramophone record] :
_banalog, 33. 1/3 rpm
_c10 in
_fGramophone record
500 _aBrief record.
505 _aChaudhvin Ka Chand (Mohd. Rafi) चौदहवीं का चाँद भाग १, Dil Ki Kahani Rang Layi Hai (Asha Bhosle) दिल की कहानी रंग लायी है भाग २
650 _aClassical Music
_xExcerpts
_zIndia
_918561
700 _aBhosle, Asha
_918562
700 _aRavi
_918637
700 _aBadayuni, Shakeel
_918632
942 _2ddc
_cGR
999 _c44082
_d44082